Raccourcis de mots en 1 minute - Statistiques

Statistiques générales
  • Ce quiz a été pris 443 fois
    288 depuis la dernière actualisation
  • Le résultat moyen est 15 sur 20
Statistiques - réponses
Mots en entier Réponse % Correct
Si tu veux Stv
96%
De rien Dr
95%
Bonjour Bjr
93%
Désolé Dsl
93%
Dans Ds
90%
Pourquoi Pk
86%
Combien Cb
85%
Merci Mrc
83%
C'est C
79%
Tranquille Trql
79%
Non Nn
77%
Je ne sais pas Jsp
74%
Mort de rire Mdr
71%
Pété de rire Ptdr
67%
C'était Ct
65%
S'il te plaît Stp
62%
S'il vous plaît Svp
60%
Ouais Oe
50%
Je t'embrasse Jtb
36%
Avec Avk
21%
Aucun quiz correspondant
Distribution des résultats
% des personnes avec chaque résultat
Percentile par nombre de réponses
Votre historique - résultats
Vous n’avez pas pris ce quiz depuis la dernière actualisation